000 00505nam a2200181 a 4500
001 60781
005 20180714062158.0
008 140415s1980 mx 000 0 spa d
041 _aspa
082 _a150.072
_bARI
100 1 _aARIAS GALICIA, FERNANDO
245 1 0 _aMETODOS DE INVESTIGACION EN PSICOLOGIA
250 _a1a ed.
260 _aMEXICO :
_bTRILLAS,
_c1980
300 _a71
490 _aLA PSICOLOGIA ENFOCADA A LAS ORGANIZACIONES
650 1 4 _aMETODOLOGIA EN PSICOLOGIA
999 _c60781
_d60781